000
00360nam a2200169Ia 4500
003
0100
008
130303s9999 xx 000 0 und d
040
_c
ARRUPELIB
050
_a
BP75.K43
100
_a
Kelen, Betty
245
_a
Muhammad, the messenger of God
260
_a
NY
260
_b
Pocket Books
260
_C
1975
300
_a
277p
942
0
0
_0
1
999
_c
29679
_d
29679